000 00559nam a2200193Ia 4500
005 20250818110927.0
008 008 250516s9999 xx 000 0 hin d
020 _a9789355188229
040 _beng
_cSDCL
041 _ahin
_2hin
084 _aO152,3N60x R3.1
100 _aBhagwandas, Morwal
_9818011
245 0 _aKahani Ab Tak-1 (1980-1990)
246 _aकहानी अब तक - १ ( १९८० - १९९० )
260 _aNew Delhi:
_bVani Prakashan,
_c2023.
300 _a352p.
650 _aHindi
_9818012
942 _cTEXL
_2CC
999 _c1430477
_d1430477